Unfathomed knowledge, unmeasured welth : on universities and the wealth of nations

Αποθηκεύτηκε σε:
Λεπτομέρειες βιβλιογραφικής εγγραφής
Κύριος συγγραφέας: Bartley, William Warren 1934-
Μορφή: Βιβλίο
Γλώσσα:English
Δημοσίευση: La Salle, Illinois : Open Court, 1990
Θέματα:
Ετικέτες: Προσθήκη ετικέτας
Δεν υπάρχουν, Καταχωρήστε ετικέτα πρώτοι!

MARC

LEADER 00000nam a2200000 i 4500
001 1/84177
008 990622s1990 eng d
020 |a 0-8126-9106-7 
035 |l 10051544 
040 |a GR-MY-UA  |b gre  |e aacr 
041 0 |a eng 
082 0 |a 378.73 
100 1 |a Bartley, William Warren  |d 1934- 
245 1 0 |a Unfathomed knowledge, unmeasured welth :  |b on universities and the wealth of nations /  |c W.W. Bartley, III 
260 |a La Salle, Illinois :   |b Open Court,   |c 1990 
300 |a 315 p. 
650 0 0 |a Universities and colleges  |z United States. 
650 0 0 |a Knowledge, Theory of. 
650 0 0 |a Universities and colleges  |z United States  |x Economic aspects. 
650 0 0 |a Education, Higher  |x Philosophy. 
650 0 0 |a Liberty. 
852 |a INST  |b RHODES  |e 19990622  |h 378.73 BAR  |p 005400014730  |q 005400014730  |t BK  |y 0 
901 |a BIBL4-1999-2 
909 |a Ρ  |b 066124  |c 1999 
922 |a 4ΕΛΗ  |b 199906  |c ΚΠΣ/154  |d LEADER 
970 |a ΚΟΥΛΙΑΚΙΩΤΗ  |b ΕΥΑΓΓΕΛΙΑ  |z 19990622